<?xml version="1.0" encoding="UTF-8"?>
<record
    xmlns:xsi="http://www.w3.org/2001/XMLSchema-instance"
    xsi:schemaLocation="http://www.loc.gov/MARC21/slim http://www.loc.gov/standards/marcxml/schema/MARC21slim.xsd"
    xmlns="http://www.loc.gov/MARC21/slim">

  <leader>03527cam a2200529 i 4500</leader>
  <controlfield tag="001">B714600</controlfield>
  <controlfield tag="003">OSt</controlfield>
  <controlfield tag="005">20200924101406.0</controlfield>
  <controlfield tag="007">ta                    </controlfield>
  <controlfield tag="008">170510s2017    quc||||       000|f fre  </controlfield>
  <controlfield tag="009">4</controlfield>
  <datafield tag="020" ind1=" " ind2=" ">
    <subfield code="a">9782896073887 (broch&#xE9;)</subfield>
  </datafield>
  <datafield tag="024" ind1="3" ind2=" ">
    <subfield code="a">9782896073887</subfield>
  </datafield>
  <datafield tag="035" ind1=" " ind2=" ">
    <subfield code="a">(BAnQ)0005401425</subfield>
  </datafield>
  <datafield tag="035" ind1=" " ind2=" ">
    <subfield code="a">(SQTD)2582259</subfield>
  </datafield>
  <datafield tag="035" ind1=" " ind2=" ">
    <subfield code="a">(SDM)B714600</subfield>
  </datafield>
  <datafield tag="040" ind1=" " ind2=" ">
    <subfield code="a">SDM</subfield>
    <subfield code="b">fre</subfield>
    <subfield code="e">rda</subfield>
    <subfield code="d">SQTD</subfield>
    <subfield code="c">CDM</subfield>
  </datafield>
  <datafield tag="082" ind1="0" ind2=" ">
    <subfield code="a">BOI</subfield>
  </datafield>
  <datafield tag="100" ind1="1" ind2=" ">
    <subfield code="a">Boisvert, Jocelyn,</subfield>
    <subfield code="d">1974-</subfield>
    <subfield code="e">auteur.</subfield>
    <subfield code="9">253412ad</subfield>
    <subfield code="8">533960ad</subfield>
  </datafield>
  <datafield tag="240" ind1="1" ind2="0">
    <subfield code="a">Moustiques</subfield>
  </datafield>
  <datafield tag="245" ind1="1" ind2="4">
    <subfield code="a">Les moustiques, ou, Ces petites b&#xEA;tes qui veulent votre peau :</subfield>
    <subfield code="b">roman /</subfield>
    <subfield code="c">Jocelyn Boisvert.</subfield>
  </datafield>
  <datafield tag="246" ind1="3" ind2="0">
    <subfield code="a">Ces petites b&#xEA;tes qui veulent votre peau</subfield>
  </datafield>
  <datafield tag="300" ind1=" " ind2=" ">
    <subfield code="a">112 pages ;</subfield>
    <subfield code="c">19 cm.</subfield>
  </datafield>
  <datafield tag="490" ind1="1" ind2=" ">
    <subfield code="a">Graffiti + ;</subfield>
    <subfield code="v">108</subfield>
  </datafield>
  <datafield tag="520" ind1="8" ind2=" ">
    <subfield code="a">Roman d'horreur dans lequel Maxence, 14 ans, et sa soeur Emma, 10 ans, passent un &#xE9;t&#xE9; ennuyeux &#xE0; Ronde-Vall&#xE9;e, o&#xF9; leurs parents poss&#xE8;dent un chalet. &#xC0; cause de la chaleur accablante, tous deux cheminent vers la cr&#xE8;merie la plus proche, o&#xF9; Max esp&#xE8;re revoir Jessica, une jeune fille qui lui avait tomb&#xE9; dans l'oeil l'&#xE9;t&#xE9; pr&#xE9;c&#xE9;dent. Ses voeux sont exauc&#xE9;s puisque l'&#xE9;lue de son coeur se trouve sur les lieux, mais un &#xE9;v&#xE9;nement macabre vient mettre fin &#xE0; la romance quand un homme se retrouve paralys&#xE9; apr&#xE8;s avoir &#xE9;t&#xE9; piqu&#xE9; par un moustique &#xE9;norme dot&#xE9; d'une ligne rouge fluo sur l'abdomen. Rapidement, une nu&#xE9;e d'insectes semblables au premier se profilent &#xE0; l'horizon et toutes les personnes qui se font piquer meurent instantan&#xE9;ment, ce qui donne naissance &#xE0; d'autres bestioles sanguinaires. Dans la panique, Maxence et Emma courent se r&#xE9;fugier dans le d&#xE9;panneur le plus proche, mais la partie est loin d'&#xEA;tre gagn&#xE9;e s'ils esp&#xE8;rent sauver Jessica et leurs parents de cette attaque meurtri&#xE8;re sans pr&#xE9;c&#xE9;dent. [SDM]</subfield>
  </datafield>
  <datafield tag="520" ind1="1" ind2=" ">
    <subfield code="a">Un roman relativement bref qui tient en haleine du d&#xE9;but &#xE0; la fin, les trois protagonistes ayant beaucoup de peine &#xE0; &#xE9;chapper aux moustiques sanguinaires dont la mutation soul&#xE8;ve de nombreuses suppositions, mais aucune explication imm&#xE9;diate. Les nombreuses morts horribles pourraient choquer les coeurs les plus sensibles, puisque m&#xEA;me Maxence semble succomber &#xE0; ses blessures. Le tout se termine n&#xE9;anmoins sur une note heureuse, mais il va sans dire que cette lecture suscite son lot de sensations fortes. [SDM]</subfield>
  </datafield>
  <datafield tag="521" ind1=" " ind2=" ">
    <subfield code="a">J+ 4.</subfield>
  </datafield>
  <datafield tag="590" ind1=" " ind2=" ">
    <subfield code="a">J+</subfield>
  </datafield>
  <datafield tag="650" ind1=" " ind2="6">
    <subfield code="a">Moustiques</subfield>
    <subfield code="v">Romans, nouvelles, etc. pour la jeunesse.</subfield>
  </datafield>
  <datafield tag="650" ind1=" " ind2="6">
    <subfield code="a">Maladies infectieuses</subfield>
    <subfield code="v">Romans, nouvelles, etc. pour la jeunesse.</subfield>
  </datafield>
  <datafield tag="650" ind1=" " ind2="6">
    <subfield code="a">Mort</subfield>
    <subfield code="v">Romans, nouvelles, etc. pour la jeunesse.</subfield>
  </datafield>
  <datafield tag="650" ind1=" " ind2="6">
    <subfield code="a">Chalets</subfield>
    <subfield code="v">Romans, nouvelles, etc. pour la jeunesse.</subfield>
  </datafield>
  <datafield tag="650" ind1=" " ind2="6">
    <subfield code="a">Vacances</subfield>
    <subfield code="v">Romans, nouvelles, etc. pour la jeunesse.</subfield>
  </datafield>
  <datafield tag="650" ind1=" " ind2="6">
    <subfield code="a">Fr&#xE8;res et soeurs</subfield>
    <subfield code="v">Romans, nouvelles, etc. pour la jeunesse.</subfield>
  </datafield>
  <datafield tag="650" ind1=" " ind2="7">
    <subfield code="a">Moustiques</subfield>
    <subfield code="v">Romans</subfield>
    <subfield code="2">vmj</subfield>
    <subfield code="9">437924a,434221v</subfield>
    <subfield code="8">437924a,434221v</subfield>
  </datafield>
  <datafield tag="650" ind1=" " ind2="7">
    <subfield code="a">Maladies infectieuses</subfield>
    <subfield code="v">Romans</subfield>
    <subfield code="2">vmj</subfield>
    <subfield code="9">434484a,434221v</subfield>
    <subfield code="8">434484a,434221v</subfield>
  </datafield>
  <datafield tag="650" ind1=" " ind2="7">
    <subfield code="a">Mort</subfield>
    <subfield code="v">Romans</subfield>
    <subfield code="2">vmj</subfield>
    <subfield code="9">434918a,434221v</subfield>
    <subfield code="8">434918a,434221v</subfield>
  </datafield>
  <datafield tag="650" ind1=" " ind2="7">
    <subfield code="a">Chalets</subfield>
    <subfield code="v">Romans</subfield>
    <subfield code="2">vmj</subfield>
    <subfield code="9">435579a,434221v</subfield>
    <subfield code="8">435579a,434221v</subfield>
  </datafield>
  <datafield tag="650" ind1=" " ind2="7">
    <subfield code="a">Vacances</subfield>
    <subfield code="v">Romans</subfield>
    <subfield code="2">vmj</subfield>
    <subfield code="9">434739a,434221v</subfield>
    <subfield code="8">434739a,434221v</subfield>
  </datafield>
  <datafield tag="650" ind1=" " ind2="7">
    <subfield code="a">Fr&#xE8;res et soeurs</subfield>
    <subfield code="v">Romans</subfield>
    <subfield code="2">vmj</subfield>
    <subfield code="9">435198a,434221v</subfield>
    <subfield code="8">435198a,434221v</subfield>
  </datafield>
  <datafield tag="655" ind1=" " ind2="7">
    <subfield code="a">Romans d'horreur.</subfield>
    <subfield code="2">rvmgf</subfield>
  </datafield>
  <datafield tag="655" ind1=" " ind2="7">
    <subfield code="a">Romans d'horreur</subfield>
    <subfield code="2">vmj</subfield>
    <subfield code="9">459863a</subfield>
    <subfield code="8">459863a</subfield>
  </datafield>
  <datafield tag="830" ind1=" " ind2="0">
    <subfield code="a">Collection Graffiti ;</subfield>
    <subfield code="v">108.</subfield>
    <subfield code="9">270167a</subfield>
    <subfield code="8">593798a</subfield>
  </datafield>
  <datafield tag="908" ind1=" " ind2=" ">
    <subfield code="a">pa</subfield>
  </datafield>
  <datafield tag="908" ind1=" " ind2=" ">
    <subfield code="a">SDM</subfield>
  </datafield>
  <datafield tag="942" ind1=" " ind2=" ">
    <subfield code="2">ddc</subfield>
    <subfield code="c">BK</subfield>
  </datafield>
  <datafield tag="999" ind1=" " ind2=" ">
    <subfield code="c">36738</subfield>
    <subfield code="d">36738</subfield>
  </datafield>
  <datafield tag="952" ind1=" " ind2=" ">
    <subfield code="0">0</subfield>
    <subfield code="1">3</subfield>
    <subfield code="2">ddc</subfield>
    <subfield code="4">0</subfield>
    <subfield code="7">0</subfield>
    <subfield code="a">MAIN</subfield>
    <subfield code="b">MAIN</subfield>
    <subfield code="d">2020-08-25</subfield>
    <subfield code="l">6</subfield>
    <subfield code="o">BOI</subfield>
    <subfield code="p">0000198984</subfield>
    <subfield code="r">2022-10-12 00:00:00</subfield>
    <subfield code="s">2022-10-12</subfield>
    <subfield code="w">2020-08-25</subfield>
    <subfield code="y">BK</subfield>
  </datafield>
  <datafield tag="952" ind1=" " ind2=" ">
    <subfield code="0">0</subfield>
    <subfield code="1">0</subfield>
    <subfield code="2">ddc</subfield>
    <subfield code="4">0</subfield>
    <subfield code="7">0</subfield>
    <subfield code="a">MAIN</subfield>
    <subfield code="b">MAIN</subfield>
    <subfield code="d">2023-08-16</subfield>
    <subfield code="l">0</subfield>
    <subfield code="o">BOI</subfield>
    <subfield code="p">204423</subfield>
    <subfield code="r">2025-07-07 00:00:00</subfield>
    <subfield code="w">2023-08-16</subfield>
    <subfield code="y">BK</subfield>
  </datafield>
</record>
